| 000 | 01383cam a22003974i 4500 | ||
|---|---|---|---|
| 003 | PE-LiUPU | ||
| 005 | 20250731173204.0 | ||
| 008 | 150625s1993 sp r 000 0 spa d | ||
| 035 | _a(Sirsi) a30574 | ||
| 040 |
_aPE-LiUPU _bspa _cPE-LiUPU _erda |
||
| 082 | 0 | 4 |
_a220.008 _bS161s _221 |
| 100 | 1 |
_aSalas, Antonio, _eautor. |
|
| 245 | 1 | 4 |
_aLos Sabios de Israel : _bConciencia y ley a debate / _cAntonio Salas. |
| 264 | 1 |
_aMadrid : _bEdiciones Paulinas, _c1993. |
|
| 300 |
_a157 páginas ; _c21 centímetros. |
||
| 336 |
_atext _2rdacontent |
||
| 337 |
_aunmediated _2rdamedia |
||
| 338 |
_avolume _2rdacarrier |
||
| 490 | 0 |
_a(Biblia y Vida ; _v5) |
|
| 505 | 0 | _aEl dificil arte de ser sabio -- Los salmos. ¿Como complacer a Dios? -- El cantar de los cantares. ¿Como activar el amor? -- Job. ¿Como sublimar el dolor? -- El Qohelet. ¿Como disfrutar de la vida? -- Proverbios. ¿Como portarse bien? -- El Sirácida. ¿Como vivenciar la religión? -- La Sabiduría. ¿Cómo ser en verdad feliz?. | |
| 526 | _aSEG42 | ||
| 526 | _aSEG41 | ||
| 526 | _aSEG40 | ||
| 526 | _aSEG39 | ||
| 526 | _aP94 | ||
| 526 | _aP87 | ||
| 526 | _aP86 | ||
| 526 | _aP85 | ||
| 526 | _aP77 | ||
| 526 | _aP76 | ||
| 526 | _aP35 | ||
| 630 | 1 | 4 |
_aBiblia. _pLibros poéticos. |
| 942 |
_2ddc _cBK |
||
| 999 |
_c38033 _d38033 |
||
| 980 |
_81 _gALBERTO SANCHEZ Responsable de Automatización |
||